000 01357nam a2200241Ia 4500
003 Ost
005 20260507075353.0
008 260507s9999||||xx |||||||||||||| ||und||
020 _a4848350977
040 _cfsecg
041 _aara
082 _a330
100 _aخطاب، أسعد
_eمؤلف
245 0 _aاقتصاديات تنمية الموارد البشرية /
_c أسعد خطاب
260 _aالقاهرة:
_bدار الكتاب الحديث,
_c2008
300 _a213 صفحة؛
_bإيضاحات ؛
_c24 سم
520 _aالتنمية البشرية في السياق المجتمعي- التنمية البشرية ( مفهوم ومكونات) - محاور التنمية البشرية في الوطن العربي- المتغيرات الإجتماعية المؤثرة في علاقة التعليم بالعمل في الوطن العربي- الأبعاد الثقافة للتنمية البشرية في الوطن العربي- تصورات أولية لتقييم التعليم في دولة الكويت- مؤشرات إحصائية للتنمية البشرية عامة والوطن العربي خاصة
653 _aاقتصاديات التنمية
653 _aالقوى العاملة
653 _aالموارد البشرية
653 _aتنمية الموارد البشرية
942 _cكتاب
999 _c44163
_d44163